Enek-Zene 3: emelt szintu tankonyv altalanos iskola 3. Osztalya szamara

Guardat en:
Dades bibliogràfiques
Autor principal: Szabó, Helga (Autor)
Format: Llibre
Idioma:hongarès
Publicat: Budapest Nemzeti Tankonyvkiado 2004
Matèries:
Etiquetes: Afegir etiqueta
Sense etiquetes, Sigues el primer a etiquetar aquest registre!

MARC

LEADER 00000cam a2200000 a 4500
001 UCF0180
003 CL-VaPUC
008 120427e20040000HU |||||||||||||||||hun|d
020 |a 9631946452 
082 0 4 |a 780.77  |b SZA  |2 21 
100 0 |a Szabó, Helga  |e author  |9 562053 
245 1 0 |a Enek-Zene 3: emelt szintu tankonyv altalanos iskola 3. Osztalya szamara 
300 |a 164 p 
942 |c BK 
945 |d 20120427 00:00:00  |a dcastane 
260 |a Budapest  |b Nemzeti Tankonyvkiado  |c 2004 
650 0 |a Música  |9 306269 
650 0 |a Estudio e instrucción  |9 306288 
650 0 |a Enseñanza de la música  |9 339802 
650 7 |a MUSICA HUNGARA  |2 CL-VaPUC  |9 562054 
650 0 |a Solfeo  |9 460401 
650 0 |a Educación musical   |9 310072 
651 7 |a HUNGRIA  |2 CL-VaPUC  |9 336650 
583 |a last modification  |c 20120427 10:27:00  |k Rodrigo Vera 
999 |c 347660  |d 347658 
952 |0 0  |1 0  |4 0  |6 780_770000000000000_SZA_2004  |7 0  |8 X  |9 449134  |a BIBEDU  |b BIBEDU  |d 2019-11-22  |i 4859669  |o 780.77 SZA 2004  |p 4859669  |r 2023-01-12  |w 2019-11-22  |y BK_X  |k MUS